LEADER 00963cam2 22002651 450 001 SOBE00052704 005 20160620102612.0 100 $a20160620d1972 |||||ita|0103 ba 101 $aita 102 $aIT 200 0 $a2$fCarlo Muscetta, Achille Tartaro 210 $aBari$cLaterza$d1972 215 $aIX, 654 p.$d25 cm 461 1$1001E600200006772$12001 $a<<2: Il >>Trecento : dalla crisi dell'età comunale all'umanesimo / Raffaele Amaturo, Carlo Muscetta, Achille Tartaro, Francesco Tateo 700 1$aMuscetta$b, Carlo$3A600200025338$4070$0153671 701 1$aTartaro, Achille$3AF00014666$4070$0164850 801 0$aIT$bUNISOB$c20160620$gRICA 850 $aUNISOB 852 $aUNISOB$j850|Let$m16229 912 $aSOBE00052704 940 $aM 102 Monografia moderna SBN 941 $aW 957 $a850|Let$b000006$i-2, 2$gCON$d16229$racquisto$1bethb$2UNISOB$3UNISOB$420160620090635.0$520160620090704.0$6bethb 996 $a2$91724515 997 $aUNISOB